000
00256nam a2200085Ia 4500
245
0
_a
Geographies of globalization : a critical introduction
100
_a
HEROD, Andrew Oxford, 2009
_9
81078
942
_c
BK
008
210817s9999 xx 000 0 und d
999
_c
287090
_d
287089